Soccer Knowledge by Letter - F - Statistics

General Stats
  • This quiz has been taken 13 times
  • The average score is 4 of 9
Answer Stats
Hint Answer % Correct
Dutch club based in Rotterdam Feyenoord
77%
Legendary midfielder for Chelsea Frank Lampard
77%
Oldest professional club in London Fulham
77%
One of the most successfulclubs in Turkey Fenerbahçe
54%
Oldest national soccer competitionin the world FA Cup
46%
A special award is named after him Ferenc Puskás
31%
"Golden Boy" of Italian soccer Francesco Totti
23%
Where Portsmouth has played Fratton Park
23%
FIFA spelled out Fédération Internationalede Football Association
0%
No matching quizzes found
Score Distribution
Percent of People with Each Score
Percentile by Number Answered
Your Score History
You have not taken this quiz